| 000 | 00000nam##2200000za#4500 |
| 001 | 9.692812 |
| 003 | CaOODSP |
| 005 | 20210624233400 |
| 007 | cr ||||||||||| |
| 008 | 150407|2009||||xxc|||||o f|0| 0 eng|d |
| 020 | |a978-1-100-14071-1 |
| 040 | |aCaOODSP|beng |
| 043 | |an-cn--- |
| 086 | 1 |aE95-2/9-2009E-PDF |
| 110 | 1 |aCanada. |bInternational Joint Commission. |
| 245 | 10|aSynthesis of public comment on the 2008 progress report under the Canada-United States Air Quality Agreement |h[electronic resource] |
| 260 | |aOttawa - Ontario : |bInternational Joint Commission |cSeptember 2009. |
| 300 | |a16p. |
| 500 | |aThe catalogue number (E95‐2/9‐2009E) and ISBN (978‐1‐100‐92928‐6) for the print edition have been incorrectly copied in this electronic publication. |
| 590 | |a12-24-Supp|b2012-05-30 |
| 690 | 07|aAir quality|2gcpds |
| 775 | 08|tSynthèse des commentaires du public au sujet du rapport d'étape 2008 de l'Accord Canada – États-Unis sur la qualité de l'air |w(CaOODSP)9.637016 |
| 856 | 40|ahttp://publications.gc.ca|qPDF|s490 KB|uhttps://publications.gc.ca/collections/collection_2011/ijc/E95-2-9-2009-eng.pdf |